000 00629nam a2200229 i 4500
001 114904
003 ES-MaACL
005 20260616130211.0
007 t|
008 070209s1947 sp ||||1| spa d
080 _a88(Homero 1.06)
100 0 _aHomero
_964112
245 1 0 _aHomero
_b: nueva versión directa /
_cJosé M. Pabón.
260 _aBarcelona :
_bLabor,
_c1947.
300 _a210 p. :
_bil. ;
_c18 cm.
490 1 _aClásicos Labor ;
_v1
600 0 4 _aHomero
_964112
700 1 _aPabón, José Manuel.
_988100
830 0 _aClásicos Labor ;
_v1
_9185822
852 _aES-MaACL
_jE-3895
999 _c114904
_d114904